000 00310nam a22001337a 4500
008 181030b xxu||||| |||| 00| 0 eng d
020 _a9789619197318
041 _aalb
080 _a541
100 _a12
101 _aKIM
245 _aNanogrimcat dhe Nanosiguria
_cRemskar, M & Millaku, A
942 _2udc
_cBK
999 _c51205
_d51205